000 00663nam a2200205Ii 4500
003 JO-AjNU
008 230605s9999||||xx |||||||||||||| ||und||
017 _a2007/6/1622
040 _aJO-AjNU
_bara
_erda
_cJO-AjNU
041 _aara
050 1 4 _aPJ7840.I2.T43 2007
100 3 _aتأليف جداية، عبد الرحيم سليمان,
_eauthor
_947763
245 0 0 _aثالثة الأثافي
264 3 1 _aإربد:المؤلف،2007
300 _a134ص
336 _atext
_btxt
_2rdacontent
337 _aunmediated
_bn
_2rdamedia
338 _avolume
_bnc
_2rdacarrier
650 4 _aالشعر العربي -العصر الحديث - الأردن
_947764
999 _aA20873
_c24441
_d24441